<?xml version="1.0" encoding="UTF-8"?>
<collection xmlns="http://www.loc.gov/MARC21/slim">
 <record>
  <leader>00381pamaa2200133   4500</leader>
  <controlfield tag="001">0000021523</controlfield>
  <controlfield tag="005">20061019090000.0</controlfield>
  <datafield tag="020" ind1="0" ind2="0">
   <subfield code="a">0935312013 </subfield>
  </datafield>
  <datafield tag="090" ind1="0" ind2="0">
   <subfield code="a">PS3521.E4117 </subfield>
   <subfield code="b">KEL 1982</subfield>
  </datafield>
  <datafield tag="100" ind1="1" ind2="0">
   <subfield code="a">KELLEY </subfield>
  </datafield>
  <datafield tag="245" ind1="1" ind2="0">
   <subfield code="a">Weeds : </subfield>
   <subfield code="b">a novel  </subfield>
   <subfield code="c">by Edith Summers Kelley ; with an afterword by Charlotte Goodman.</subfield>
  </datafield>
  <datafield tag="260" ind1="0" ind2="0">
   <subfield code="a">New York: </subfield>
   <subfield code="b">Feminist Prest, </subfield>
   <subfield code="c">1982.</subfield>
  </datafield>
  <datafield tag="300" ind1=" " ind2=" ">
   <subfield code="a">366p.; </subfield>
   <subfield code="c">14cm.</subfield>
  </datafield>
  <datafield tag="650" ind1="0" ind2="0">
   <subfield code="a">Fiction </subfield>
  </datafield>
 </record>
</collection>
